00728nam a22002057a 4500999001900000005001700019010001500036020003000051035001400081037000900095082001100104100001500115245005500130250001600185260004900201270007800250300002100328942002500349952014800374 c184353d18435320220311171911.0 aENG-131232 a978-93-90555-81-9c769.00 aEN-114764 bDBAD a516.16 aTewani, G. aCoordinate Geometry for JEE (Advanced)/cG. Tewani a3rd Edition aDelhibCengage Learning India Pvt. Ltdc2021 bDelhiaT-303, 3rd Floor, DAV Complex, Plot 3 Mayur Vihar, Phase 1e110091 a556p.c28cm(pbk) 2ddccENh516.16mTEW 001040708NFICaBNbBNd2022-01-19eDBAD/PUBg769.00l3m2o516.16 TEWpEN-114764q2026-07-06r2026-06-09 12:56:15s2026-06-09t1v769.00yEN